Islamic philosophy and the classical tradition : essays presented by his friends and pupils to Richard Walzer on his seventieth birthday /

محفوظ في:

مؤلفون آخرون: Walzer, Richard, 1900-1975., Stern, S. M. 1920-1969., Hourani, Albert Habib., Brown, Vivian.

التنسيق: كتاب

اللغة: English
French
German

منشور في: Columbia : University of South Carolina Press, [1972].

سلاسل: Oriental studies ; 5.

الموضوعات:

الوسوم: إضافة وسم

لا توجد وسوم, كن أول من يضع وسما على هذه التسجيلة!

رقم الطلب: B740 .I74 1972

LEADER 01232nam a22003377a 4500
003 OSt
005 20250914100618.0
008 231031s1972 scua b 010 0 eng
010 |a 72002497 //r86 
020 |a 0851810071 
040 |c ARCE Library 
041 0 |a eng  |a fre  |a ger 
050 4 |a B740 .I74 1972 
245 0 0 |a Islamic philosophy and the classical tradition :  |b essays presented by his friends and pupils to Richard Walzer on his seventieth birthday /  |c editors: S.M. Stern, Albert Hourani and Vivian Brown. 
260 |a Columbia :  |b University of South Carolina Press,  |c [1972]. 
300 |a viii, 549 p. :  |b ill. ;  |c 24 cm. 
490 1 |a Oriental studies ;  |v 5. 
500 |a Digital copy is on the Internet Archive website. 
504 |a Includes bibliographical references. 
546 |a Chiefly in English, some in French, or German. 
600 1 0 |a Walzer, Richard,  |d 1900-1975. 
650 0 |a Islamic philosophy. 
650 0 |a Philosophy, Ancient. 
700 1 |a Walzer, Richard,  |d 1900-1975. 
700 1 |a Stern, S. M.  |q (Samuel Miklos),  |d 1920-1969. 
700 1 |a Hourani, Albert Habib. 
700 1 |a Brown, Vivian. 
830 0 |a Oriental studies ;  |v 5. 
901 |a reviewed 
942 |2 lcc  |c BK 
999 |c 54886  |d 54886